| 000 | 00880nam a22002657a 4500 | ||
|---|---|---|---|
| 001 | 1506 | ||
| 003 | CO-MdFUSB | ||
| 005 | 20240531062735.0 | ||
| 008 | 170406t1961 xxu||||| |||| 00| 0 eng d | ||
| 040 |
_aCO-MdFUSB _bspa _cCO-MdFUSB _dCO-MdFUSBC _erda |
||
| 041 | 0 | _aeng | |
| 082 | 0 | 4 | _aG 209 T8665c |
| 100 | 1 |
_aTrueblood, Elton (1900-) _eautor |
|
| 245 | 4 |
_aThe company of the committed _c / Elton Trueblood |
|
| 264 | 4 |
_aNew York, N.Y., USA : _bHarper, _c©1961 |
|
| 300 | _aXII, 113 páginas | ||
| 336 |
_2rdacontent _a1 _ba1 |
||
| 337 |
_2rdamedia _a2 _b5 |
||
| 338 |
_2rdacarrier _a2 _b5 |
||
| 501 | _aPasta dura | ||
| 505 | 0 | 0 | _aLa necesidad de compromiso - El llamado a alistamiento - La vocación de testigo - La estrategia de penetración - El criterio de validez |
| 650 | 7 |
_aCristianismo _xHistoria _2 _922 |
|
| 653 | _aCristianismo - Hstoria - Siglo XX | ||
| 942 | _cBK | ||
| 999 |
_c32826 _d32826 |
||